000 00675cam a22002413a 4500
001 23391
003 PGUSA
005 20140828083511.0
008 071107s2007||||xxu|||||s|||||000 1 eng d
040 _aPGUSA
_beng
042 _adc
050 4 _aPS
100 1 _aYoung, Rose E.
_q(Rose Emmet),
_d1869-1941
245 1 0 _aSally of Missouri
_h[electronic resource] /
_cRose E. Young
260 _bProject Gutenberg,
_c2007
506 _aPublic domain in the USA.
516 _aElectronic text
653 _aProspecting -- Fiction
653 _aMissouri -- Fiction
830 0 _aProject Gutenberg
_v23391
856 4 0 _uhttp://www.gutenberg.org/ebooks/23391
942 _cEB
999 _c252646
_d252646